The European Fiscal Framework: Counterfactual Analysis to Its Compliance in the Hypothetical Scenario without the Covid-19 Pandemic
Saved in:
| Main Author: | |
|---|---|
| Other Authors: | |
| Format: | Book Chapter |
| Language: | English |
| Tags: |
No Tags, Be the first to tag this record!
|
MARC
| LEADER | 00000naa a2200000 4500 | ||
|---|---|---|---|
| 001 | 0307136 | ||
| 005 | 20250220075133.7 | ||
| 041 | 0 | |a eng | |
| 044 | |a IT | ||
| 245 | 1 | 0 | |a The European Fiscal Framework: Counterfactual Analysis to Its Compliance in the Hypothetical Scenario without the Covid-19 Pandemic |c Joao Afonso Coelho, António Portugal Duarte |
| 100 | 1 | |a Coelho, Joao Afonso | |
| 700 | 1 | |a Duarte, António Portugal | |